000 00674nam a2200241Ia 4500
003 OSt
005 20220918174525.0
006 a|||||r|||| 00| 0
007 ta
008 220917b |||||||| |||| 00| 0 eng d
024 _a12,692
037 _cTextual
040 _aARTS
_cARTS
_beng
041 _2eng
_aeng
082 _a/\24:(R), H7 (EPS)
100 _aAbhedananda
_944350
245 0 _aDoctrine of Karma
_b a study in the philosophy and practice of work
250 _a3rd
260 _aCalcutta
_bRamakrishna Vadanta Math
_c1947
650 _aSPIRITUALISM
942 _h/\24:(R), H7 (EPS)
_cTEXL
_2CC
999 _c153551
_d153551